D.H. Lawrence Novels Quiz Stats

 Plays Quiz Updated Sep 11, 2014

Challenge
Share
Tweet
Embed
Score 0/13 Timer 04:00
0 Plays Today
Novel % Correct
Lady Chatterley's Lover
83.2%
Sons and Lovers
82.8%
Women in Love
53.8%
The Rainbow
53.5%
The White Peacock
23.3%
Kangaroo
20.9%
The Plumed Serpent
19.8%
The Virgin and the Gypsy
16.4%
Aaron's Rod
14.2%
The Lost Girl
12.4%
The Trespasser
10.6%
The Escaped Cock
10.1%
The Boy in the Bush
9.1%

You're not logged in!

Compare scores with friends on all Sporcle quizzes.
Join for Free
OR
Log In

You Might Also Like...

Show Comments

Extras

Top Quizzes Today


Score Distribution

Your Account Isn't Verified!

In order to create a playlist on Sporcle, you need to verify the email address you used during registration. Go to your Sporcle Settings to finish the process.

Report this User

Report this user for behavior that violates our Community Guidelines.

Details: